000 00738nam a22002177a 4500
003 OSt
005 20251022034533.0
008 251022t1981 |||||||| |||| 00| | eng d
020 _a0-531-04253-7
040 _cJMCFI - Learning Resource Center
082 _aF.P./G.Ed. 973.3 Ep64 1981
100 _aEpstein, Sam
_943461
245 _aWashington, D.C :
_bthe nation's capital /
_cSam Epstein and Beryl Epstein.
250 _aRevised edition.
260 _aNew York :
_bFranklin Watts, Inc. ,
_c1981.
300 _a[viii], 86 pages :
_bblack and white, illus. ;
_c22 cm
500 _aIncludes indexes.
650 _aWashington, D.C
_xJuvenile literature.
_943462
700 _aEpstein, Beryl
_943463
942 _2ddc
_cBK
_eRevised edition
_n0
999 _c14136
_d14136